00691nai a2200181Ia 4500003000900000008004100009022002200050022002300072040001600095245002900111260008600140310001400226362002500240521006900265650003000334650005700364856008800421IN-BaIIA211028c9999 xx s 000 0 eng d a0890-8044 (Print) a1558-156X (Online) cIIA Library 0aIEEE Networkh[eJournal] aNew York, USAbThe Institute of Electrical and Electronics Engineers, Inc. (IEEE) aBimonthly a1(1); 1987 - Present bSubscribed through National Knowledge Resource Consortium (NKRC) a Computing and Processing aCommunication, Networking and Broadcast Technologies uhttps://ieeexplore.ieee.org/servlet/opac?punumber=65yClick Here to Access eJournal